Real Analysis : A Long-Form Mathematics Textbook /

Contiene: 1. Los reales; 2. Cardinalidad; 3. Secuencias; 4. Series; 5. La topología de R; 6. Continuidad; 7. Diferenciación; 8. Integración; 9. Secuencias y series de funciones. Apéndices.

Uloženo v:
Podrobná bibliografie
Hlavní autor: Cummings, Jay (autor)
Médium: Kniha
Jazyk:angličtina
Vydáno: EUA : edición de autor, 2019, c2019
Témata:
Tagy: Přidat tag
Žádné tagy, Buďte první, kdo vytvoří štítek k tomuto záznamu!

MARC

LEADER 00000nam^a2200000^a^4500
001 000456334
005 20250521000000.0
009 20260310124017.772
022 |a 9781077254541 
037 |a Acervo ITESO - Biblioteca 
041 |a ING 
082 |a 515. 13  |b CUM 
100 |a Cummings, Jay  |e (autor) 
245 1 0 |a Real Analysis :  |b A Long-Form Mathematics Textbook /  |c J. Cummings. 
264 4 |a EUA :  |b edición de autor,  |c 2019, c2019 
300 |a VIII, 431 p. 
336 |a texto  |b txt  |2 rdacontenido 
337 |a sin mediación  |b n  |2 rdamedio 
338 |a volumen  |b nc  |2 rdasoporte 
520 |a Contiene: 1. Los reales; 2. Cardinalidad; 3. Secuencias; 4. Series; 5. La topología de R; 6. Continuidad; 7. Diferenciación; 8. Integración; 9. Secuencias y series de funciones. Apéndices. 
521 |a Peticiones 2023 
649 |a XX 
650 |a Números Reales 
650 |a Números Cardinales 
650 |a Secuencias (Matemáticas) 
650 |a Series (Matemáticas) 
650 |a Diferenciación Numérica 
650 |a Integración Numérica 
650 |a Funciones (Matemáticas) 
650 |a Análisis Matemático -  |x Tema Principal 
650 |a Topología -  |x Tema Principal 
650 |a Matemáticas 
910 |a Fondo General 
920 |a Impresos - Libros 
930 |a Colección General 
905 |a 101 
901 |a 0500388913  |b IT1  |c ACC  |i C181612  |u 20250521 
902 |a https://opac.biblio.iteso.mx/vufind/Record/000456334